[Event "IMSA Elite Mind Games (Blitz, Women)"]
[Site "?"]
[Date "2017.12.13"]
[EventDate "?"]
[Round "21.1"]
[Result "0-1"]
[White "Elisabeth Paehtz"]
[Black "Antoaneta Stefanova"]
[WhiteElo "2467"]
[BlackElo "2517"]
[PlyCount "86"]

1. d4 d5 2. Bf4 Nf6 3. e3 g6 4. Nf3 Bg7 5. c4 c6 6. Nc3 O-O
7. Be2 a6 8. O-O Be6 9. Ne5 Nbd7 10. c5 Bf5 11. Qb3 Ra7
12. Na4 Ne4 13. Nxd7 Qxd7 14. Nb6 Qd8 15. Rfc1 g5 16. Be5 f6
17. Bg3 e5 18. Bd3 Nxg3 19. hxg3 Bxd3 20. Qxd3 f5 21. dxe5
Bxe5 22. Rc2 Bc7 23. Qd4 Qe7 24. a4 a5 25. Ra3 Bxb6 26. cxb6
Raa8 27. Qc5 Qe4 28. Ra1 Ra6 29. b3 Rfa8 30. Rd1 Rd8 31. Rd4
Qe5 32. b4 axb4 33. Rxb4 Rda8 34. Ra2 Ra5 35. Qc2 c5 36. Rb5
Qd6 37. Rab2 c4 38. Qd2 Rxb5 39. Rxb5 Rd8 40. Qd4 Qc6 41. Rc5
Qxb6 42. Rxd5 Qxd4 43. Rxd4 Rxd4 0-1

[Event "IMSA Elite Mind Games (Blitz, Women)"]
[Site "?"]
[Date "2017.12.13"]
[EventDate "?"]
[Round "22.3"]
[Result "1-0"]
[White "Antoaneta Stefanova"]
[Black "Anna Ushenina"]
[WhiteElo "2517"]
[BlackElo "2457"]
[PlyCount "161"]

1. Nf3 d5 2. b3 Bg4 3. Bb2 c6 4. Ne5 Bh5 5. g4 Bg6 6. h4 f6
7. h5 Bf7 8. Nxf7 Kxf7 9. e3 e5 10. d4 Bd6 11. Qf3 e4 12. Qg2
Qe7 13. a3 Nh6 14. c4 Qe6 15. Rg1 Be7 16. Nc3 Rd8 17. f3 exf3
18. Qxf3 Kg8 19. Bd3 Nf7 20. Bf5 Qd6 21. O-O-O Ng5 22. Qg2 Na6
23. e4 dxc4 24. bxc4 Qc7 25. Qg3 Qa5 26. Ne2 b5 27. cxb5 Qxb5
28. Qd3 Qa5 29. Qc4+ Kh8 30. Rg3 Rab8 31. Qc3 Qa4 32. Qc2 Qb5
33. Nc3 Qc4 34. Qa4 Qxa4 35. Nxa4 Nc7 36. e5 Nb5 37. exf6 Bxf6
38. Rgd3 Nd6 39. Nc5 Nxf5 40. gxf5 Rd5 41. Rf1 h6 42. Kc2 a5
43. Bc3 Re8 44. Bxa5 Re2+ 45. Kd1 Ra2 46. Rf4 Kh7 47. Bb4 Rd8
48. Kc1 Re8 49. Kb1 Ree2 50. Rb3 Rh2 51. Nd3 Rag2 52. Rb2 Rh1+
53. Ka2 Rgg1 54. Kb3 Rxh5 55. a4 Rh3 56. Kc4 Nf3 57. Nf2 Rhg3
58. Ne4 Bxd4 59. Nxg3 Bxb2 60. Rxf3 Be5 61. Ne4 Rg4 62. Kd3 h5
63. a5 h4 64. a6 Bb8 65. Bc5 Rg2 66. Rh3 Ra2 67. Rxh4+ Kg8
68. a7 Bxa7 69. Bxa7 Rxa7 70. Kd4 Ra5 71. Rf4 Kf7 72. Nd6+ Kf6
73. Ne4+ Kf7 74. Rf1 Rd5+ 75. Ke3 Ra5 76. Rf2 Rd5 77. Kf4 g6
78. f6 Rf5+ 79. Ke3 c5 80. Nd6+ Kxf6 81. Nxf5 1-0